[Event "Kavala op 07th"]
[Site "Kavala"]
[Date "1997.??.??"]
[Round "9"]
[White "Aftsoglou, Ioannis"]
[Black "Hellsten, Johan"]
[Result "1/2-1/2"]
[WhiteElo "2255"]
[BlackElo "2495"]
[PlyCount "137"]
[EventDate "1997.08.13"]
[EventType "swiss"]
[EventRounds "9"]
[EventCountry "GRE"]
[SourceTitle "EXT 2004"]
[Source "ChessBase"]
[SourceDate "2003.11.25"]
[SourceVersion "1"]
[SourceVersionDate "2003.11.25"]
[SourceQuality "1"]

1. e4 c5 2. d3 Nc6 3. Nf3 e6 4. c3 Nf6 5. Be2 c4 6. 0-0 cxd3 7. Qxd3 Qc7 8. Nbd2 Be7 9. Rd1 0-0 10. Nd4 a6 11. N2f3 d6 12. Bg5 Rd8 13. Rd2 Ne5 14. Qc2 Ned7 15. Rad1 b6 16. Bxf6 Bxf6 17. Nb3 Be7 18. Rd4 Bb7 19. Nbd2 b5 20. Nf1 Nc5 21. Ng3 g6 22. Re1 Bf6 23. Rdd1 h5 24. Bd3 h4 25. Nf1 Qe7 26. h3 Rac8 27. Qe2 a5 28. Bc2 b4 29. cxb4 axb4 30. Nd4 Ra8 31. Bb1 Rab8 32. Nh2 Ba8 33. Ng4 Bg7 34. f3 Qa7 35. Qf2 Na4 36. Re2 Rdc8 37. Red2 Qe7 38. f4 e5 39. fxe5 dxe5 40. Nf3 Nc5 41. Re2 Rd8 42. Rc1 Ne6 43. Qxh4 Qxh4 44. Nxh4 Rbc8 45. Rxc8 Rxc8 46. Re1 Nf4 47. Nf3 f6 48. Nf2 Bf8 49. Nd3 Ne6 50. Kf1 Bb7 51. Nf2 Nc5 52. b3 Rd8 53. Rc1 Ba6+ 54. Ke1 Bb5 55. Rd1 Ra8 56. g4 Ne6 57. g5 Nf4 58. Ng4 fxg5 59. Nfxe5 Bc5 60. Nc4 Bxc4 61. bxc4 Ra3 62. Rd7 Nxh3 63. e5 Kf8 64. Be4 Rg3 65. Nf6 Be7 66. Nh7+ Ke8 67. Bc6 Ra3 68. Rb7+ Kd8 69. Rd7+ 1/2-1/2

[Event "Kavala op 07th"]
[Site "Kavala"]
[Date "1997.??.??"]
[Round "8"]
[White "Aftsoglou, Ioannis"]
[Black "Skembris, Spyridon"]
[Result "0-1"]
[WhiteElo "2260"]
[BlackElo "2450"]
[PlyCount "62"]
[EventDate "1997.08.13"]
[EventType "swiss"]
[EventRounds "9"]
[EventCountry "GRE"]
[SourceTitle "EXT 2001"]
[Source "ChessBase"]
[SourceDate "2000.11.22"]
[SourceVersion "1"]
[SourceVersionDate "2000.11.22"]
[SourceQuality "1"]

1. e4 e5 2. Nf3 Nc6 3. d3 Nf6 4. c3 d5 5. Nbd2 g6 6. Be2 Bg7 7. 0-0 0-0 8. Re1 h6 9. Qc2 a5 10. Nf1 Be6 11. Ng3 Re8 12. Bd2 Qd7 13. Rad1 a4 14. Qc1 Kh7 15. c4 d4 16. Qc2 Qe7 17. b4 axb3 18. axb3 Nd7 19. b4 Nxb4 20. Qb2 c5 21. Ra1 Qd6 22. Reb1 Bf8 23. Be1 Rxa1 24. Rxa1 Rb8 25. Bxb4 cxb4 26. Ra5 b5 27. cxb5 Qb6 28. Ra1 Qxb5 29. Bd1 Nc5 30. Bc2 b3 31. Bb1 Na4 0-1